000 00420nam a2200181Ia 4500
001 601
005 20260306140529.0
008 260306t2010||||xx |||||||||||||| ||spa||
041 _aESP
082 _a128
_bM28
100 _aMaturana Romesín, Humberto
_eAUT
245 0 _aEl sentido de lo humano
260 _c2010
300 _a327 páginas :
_c21 cm.
650 _aGEN
654 _aCHU
942 _cLIB
_dJUS
_fJUS
_2ddc
_n
999 _c601
_d601